000 00798nam a2200289Ia 4500
003 EC-GqESP
005 20260323145617.0
008 250425s9999 xx 000 0 und d
010 _a113660
020 _a9781505634648
041 _aeng
082 _a570
_pBAU
100 _aBaumeister, Dayna
245 0 _aBiomimicry resource handbook a seed bank of best practices
_cDayna Baumeister
250 _aFirst edición
260 _aMissoula, USA
_bBiomimicry
_c2014
300 _a280 pagina
_bilustración
_c29 cm
650 _aBiomímesis
650 _aIngeniería biomimética
650 _aRegeneración ecológica
700 _aBenyus, Janine
700 _aDwyer, Jamie
700 _aRitter, Sherry
700 _aTocke, Rose
902 _aMonográfico
_cImpreso
942 _c01
999 _c237735
_d237735